Física termologia, óptica geométrica, ondulatória: livro do professor v.2
Gespeichert in:
| Hauptverfasser: | , , , |
|---|---|
| Format: | Buch |
| Erschienen: |
São Paulo, SP
FTD
1992
|
| Schulbuchspezifische Eigenschaften: |
|
| Schlagworte: | |
| Tags: |
Tag hinzufügen
Keine Tags, Fügen Sie den ersten Tag hinzu!
|
| Hinzugefügt zu: | 01.10.2012 |
| Geändert in: | 18.03.2015 |
MARC
| LEADER | 00000cam##2200000#a#4500 | ||
|---|---|---|---|
| 001 | 2139 | ||
| 005 | 20150319012800.0 | ||
| 008 | 121002s1992####BR a - dr| - #000 0#Por#d | ||
| 020 | |a 8532204856 | ||
| 080 | |a * | ||
| 082 | |a 375.21 | ||
| 093 | |a 375.21 |b B715f |c v.2 | ||
| 100 | |a Bonjorno, Regina Azenha |e Autor | ||
| 245 | 1 | 0 | |n v.2 |c Regina Azenha Bonjorno, José Roberto Bonjorno, Valter Bonjorno, Clinton Márcico Ramos |b termologia, óptica geométrica, ondulatória: livro do professor |a Física |
| 260 | |c 1992 |b FTD |a São Paulo, SP | ||
| 300 | |e Livro do professor |c 18 X 26 |b il., color. |a 320p. | ||
| 500 | |a Consta: apresentação | ||
| 521 | |a | ||
| 591 | |a Livro do Professor |b IIº Grau | ||
| 650 | |a Físico - Química | ||
| 700 | |a Bonjorno, Valter |e Autor | ||
| 700 | |a Ramos, Clinton Márcico |e Autor | ||
| 700 | |a Bonjorno, José Roberto |e Autor | ||